| 000 | 00469nam a2200169Ia 4500 | ||
|---|---|---|---|
| 008 | 230718s9999 xx 000 0 und d | ||
| 041 | _aeng | ||
| 082 |
_a005.73 _bTRE |
||
| 100 |
_aTremblay J.P. _9121170 |
||
| 245 | _aIntroduction to Data Structures with Applications | ||
| 250 | _a2nd | ||
| 260 |
_c2003 _bTata McGraw-Hill |
||
| 300 | _a861 | ||
| 365 |
_cRs. _b265.00 |
||
| 700 | _aTremblay J.P.& Sorenson P.G. | ||
| 906 |
_dB:5208/19.07.200408-Sep-2005 _cCOMP _b53 |
||
| 999 |
_c308309 _d308309 |
||